[Event "Ding Liren - Andreikin 2019"]
[Site "http://www.chessbomb.com"]
[Date "2019.07.18"]
[Round "4"]
[White "Andreikin, Dmitry"]
[Black "Ding, Liren"]
[Result "1/2-1/2"]
[WhiteElo "2727"]
[BlackElo "2812"]
[PlyCount "98"]

1. e4 c5 2. c3 d5 3. exd5 Qxd5 4. d4 Nf6 5. Nf3 e6 6. Be2 Be7 7. O-O O-O 8. c4
Qc6 9. dxc5 Rd8 10. Qc2 Qe4 11. Ne1 Nc6 12. Nc3 Qxc2 13. Nxc2 Bxc5 14. Rd1
Rxd1+ 15. Bxd1 e5 16. Be3 Bxe3 17. Nxe3 Nd4 18. Kf1 Be6 19. Ke1 Nd7 20. Be2 f6
21. Rc1 Rc8 22. Bf1 a5 23. Nc2 Nc6 24. a3 Nc5 25. b4 axb4 26. axb4 Nb3 27. Rb1
Nbd4 28. Ne3 f5 29. Ned5 Kf7 30. f3 Ra8 31. Kd2 Ra3 32. c5 g5 33. Nc7 h5 34. h3
h4 35. Nxe6 Kxe6 36. Bc4+ Kd7 37. Bd5 Kc7 38. Re1 Nxb4 39. Rxe5 Kc8 40. Bc4
Nbc6 41. Re8+ Kd7 42. Rg8 Na5 43. Bd5 Nab3+ 44. Kd3 Ne6 45. Bxe6+ Kxe6 46. Kc4
Nd2+ 47. Kd4 Nb3+ 48. Kc4 Nd2+ 49. Kd4 Nb3+ 1/2-1/2

[Event "2nd GP Series ((tie-break)) 2019"]
[Site "Riga LAT"]
[Date "2019.07.17"]
[Round "2"]
[White "Karjakin, Sergey"]
[Black "So, Wesley"]
[Result "1/2-1/2"]
[WhiteElo "2748"]
[BlackElo "2763"]
[PlyCount "61"]
[EventDate "2019.07.12"]

1. e4 e5 2. Nf3 Nc6 3. Bb5 Nf6 4. d3 Bc5 5. c3 O-O 6. O-O d5 7. Nbd2 dxe4 8.
dxe4 a5 9. Bxc6 bxc6 10. Nxe5 Re8 11. Nb3 Qxd1 12. Rxd1 Bb6 13. Nc4 Nxe4 14.
Nxb6 cxb6 15. f3 Nc5 16. Nxc5 bxc5 17. Rd6 Bf5 18. Bf4 Re6 19. Rad1 h5 20. Kf2
a4 21. Rd8+ Re8 22. Rxe8+ Rxe8 23. Rd6 Rb8 24. Bc1 Rc8 25. b3 axb3 26. axb3 Bc2
27. b4 cxb4 28. cxb4 Ba4 29. Be3 Re8 30. Bb6 Re6 31. Rxe6 1/2-1/2

[Event "2nd GP Series ((tie-break)) 2019"]
[Site "Riga LAT"]
[Date "2019.07.17"]
[Round "2"]
[White "So, Wesley"]
[Black "Karjakin, Sergey"]
[Result "1/2-1/2"]
[WhiteElo "2763"]
[BlackElo "2748"]
[PlyCount "53"]
[EventDate "2019.07.12"]

1. e4 e5 2. Nf3 Nc6 3. Bb5 Nf6 4. d3 Bc5 5. Ba4 O-O 6. O-O d6 7. c3 Ne7 8. Re1
Ng6 9. Nbd2 Bg4 10. h3 Bh5 11. g3 c6 12. Nf1 Qc8 13. Kg2 Re8 14. N1h2 Nf8 15.
Bg5 N6d7 16. Bb3 a5 17. a4 Ne6 18. Bd2 Ba7 19. g4 Bg6 20. Nh4 Qd8 21. N2f3 Ndc5
22. Bc2 Qc7 23. Rc1 Nd7 24. Bb3 Ndc5 25. Bc2 Nd7 26. Bb3 Ndc5 27. Bc2 1/2-1/2

[Event "2nd GP Series ((tie-break)) 2019"]
[Site "Riga LAT"]
[Date "2019.07.17"]
[Round "2"]
[White "Karjakin, Sergey"]
[Black "So, Wesley"]
[Result "1/2-1/2"]
[WhiteElo "2748"]
[BlackElo "2763"]
[PlyCount "33"]
[EventDate "2019.07.12"]

1. e4 e5 2. Nf3 Nc6 3. Bc4 Bc5 4. O-O Nf6 5. d3 O-O 6. Re1 d6 7. c3 a6 8. a4
Ba7 9. h3 Kh8 10. b4 Ng8 11. Bg5 f6 12. Be3 Bxe3 13. Rxe3 f5 14. Nbd2 Nf6 15.
b5 axb5 16. axb5 Rxa1 17. Qxa1 1/2-1/2

[Event "2nd GP Series ((tie-break)) 2019"]
[Site "Riga LAT"]
[Date "2019.07.17"]
[Round "2"]
[White "So, Wesley"]
[Black "Karjakin, Sergey"]
[Result "1/2-1/2"]
[WhiteElo "2763"]
[BlackElo "2748"]
[PlyCount "36"]
[EventDate "2019.07.12"]

1. e4 e5 2. Nf3 Nc6 3. Bb5 Nf6 4. d3 Bc5 5. Ba4 O-O 6. O-O d5 7. exd5 Qxd5 8.
Nc3 Qd6 9. Bg5 Bg4 10. h3 Bh5 11. Bxf6 Qxf6 12. Ne4 Qe7 13. Bxc6 bxc6 14. Re1
f6 15. Ng3 Bg6 16. Nh4 Qd7 17. Nxg6 hxg6 18. Qg4 Qxg4 1/2-1/2

[Event "2nd GP Series ((tie-break)) 2019"]
[Site "Riga LAT"]
[Date "2019.07.17"]
[Round "2"]
[White "So, Wesley"]
[Black "Karjakin, Sergey"]
[Result "1-0"]
[WhiteElo "2763"]
[BlackElo "2748"]
[PlyCount "65"]
[EventDate "2019.07.12"]

1. c4 Nf6 2. Nc3 e5 3. Nf3 Nc6 4. g3 Bb4 5. Bg2 O-O 6. Nd5 Bc5 7. O-O d6 8. e3
Re8 9. d4 Bg4 10. dxc5 e4 11. Nc3 Ne5 12. Nxe5 Bxd1 13. Nxf7 Qe7 14. Nxd6 cxd6
15. cxd6 Qxd6 16. Rxd1 Qe5 17. Bd2 Rad8 18. Be1 b6 19. b3 Rd3 20. Rxd3 exd3 21.
Rd1 Rd8 22. Bf1 Qf5 23. Nd5 Nxd5 24. Rxd3 Kf8 25. cxd5 a5 26. Rd4 Qb1 27. Bc3
Qxa2 28. Bc4 Qc2 29. Rf4+ Ke7 30. Bxg7 Rd6 31. Bf8+ Kd7 32. Bb5+ Kc7 33. Rc4+
1-0

[Event "2nd GP Series ((tie-break)) 2019"]
[Site "Riga LAT"]
[Date "2019.07.17"]
[Round "2"]
[White "Karjakin, Sergey"]
[Black "So, Wesley"]
[Result "1/2-1/2"]
[WhiteElo "2748"]
[BlackElo "2763"]
[PlyCount "72"]
[EventDate "2019.07.12"]

1. b3 d5 2. Bb2 Nf6 3. Nf3 e6 4. e3 c5 5. c4 Nc6 6. cxd5 exd5 7. Bb5 Bd6 8. O-O
O-O 9. h3 Re8 10. d4 cxd4 11. Nxd4 Bc7 12. Nd2 Qd6 13. N2f3 Bd7 14. Be2 a6 15.
Nc2 Ne4 16. Bd3 Rad8 17. Rc1 Ng5 18. Nce1 d4 19. exd4 Bxh3 20. Ba3 Qf4 21. g3
Qf6 22. d5 Bxf1 23. Kxf1 Nxf3 24. Nxf3 Ne5 25. Rxc7 Nxf3 26. Be2 Ne5 27. d6 Qf5
28. Qd5 h6 29. Kg2 Qe6 30. Qxb7 Ng6 31. Bc4 Nf4+ 32. Kf3 Qh3 33. Rxf7 Qh5+ 34.
g4 Qh3+ 35. Kxf4 Qh2+ 36. Kf3 Qh3+ 1/2-1/2

[Event "2nd GP Series ((tie-break)) 2019"]
[Site "Riga LAT"]
[Date "2019.07.17"]
[Round "2"]
[White "Mamedyarov, Shakhriyar"]
[Black "Duda, Jan-Krzysztof"]
[Result "1/2-1/2"]
[WhiteElo "2765"]
[BlackElo "2729"]
[PlyCount "81"]
[EventDate "2019.07.12"]

1. d4 d5 2. c4 c6 3. Nc3 Nf6 4. e3 e6 5. Nf3 Nbd7 6. Qc2 Bd6 7. Be2 O-O 8. O-O
b6 9. e4 dxe4 10. Nxe4 Nxe4 11. Qxe4 Bb7 12. Rd1 Qc7 13. Bd3 g6 14. Qh4 c5 15.
Ng5 Nf6 16. Be3 cxd4 17. Bxd4 Be5 18. Bf1 Rad8 19. Bxe5 Qxe5 20. Nxh7 Rxd1 21.
Nxf6+ Qxf6 22. Qxf6 Rxa1 23. h4 Be4 24. Qd4 Bf5 25. b3 Rb1 26. f3 e5 27. Qd5
Re8 28. g4 Bc8 29. h5 gxh5 30. Kf2 hxg4 31. Bd3 Rb2+ 32. Ke3 Be6 33. Qc6 Rc8
34. Qe4 Rh2 35. Qxe5 Rh3 36. Be4 gxf3 37. Kf2 Rc5 38. Bd5 Bxd5 39. Qg5+ Kf8 40.
Qd8+ Kg7 41. Qg5+ 1/2-1/2

[Event "2nd GP Series ((tie-break)) 2019"]
[Site "Riga LAT"]
[Date "2019.07.17"]
[Round "2"]
[White "Duda, Jan-Krzysztof"]
[Black "Mamedyarov, Shakhriyar"]
[Result "0-1"]
[WhiteElo "2729"]
[BlackElo "2765"]
[PlyCount "72"]
[EventDate "2019.07.12"]

1. Nf3 d5 2. c4 e6 3. b3 Nf6 4. Bb2 Be7 5. e3 O-O 6. Nc3 dxc4 7. Bxc4 c5 8. Rg1
a6 9. g4 b5 10. Be2 Bb7 11. g5 Nd5 12. Qb1 Nd7 13. Ne4 Qc7 14. Rg4 e5 15. a3
Rfe8 16. Qc2 Bf8 17. h4 Qc6 18. d3 a5 19. a4 Nb4 20. Qc3 Qe6 21. Nfd2 bxa4 22.
bxa4 Nb6 23. Nc4 Nxc4 24. dxc4 Rad8 25. Kf1 Bc8 26. Rg3 Bb7 27. f3 Qg6 28. Nf2
h5 29. Rg1 Qc2 30. Bd1 Qf5 31. Kg2 Nd3 32. Be2 e4 33. f4 Nxf4+ 34. exf4 e3+ 35.
Bf3 Bxf3+ 36. Kxf3 exf2 0-1

[Event "2nd GP Series ((tie-break)) 2019"]
[Site "Riga LAT"]
[Date "2019.07.17"]
[Round "2"]
[White "Grischuk, Alexander"]
[Black "Yu, Yangyi"]
[Result "1-0"]
[WhiteElo "2766"]
[BlackElo "2736"]
[PlyCount "123"]
[EventDate "2019.07.12"]

1. d4 Nf6 2. c4 e6 3. Nf3 d5 4. Nc3 Be7 5. Bf4 O-O 6. e3 Nbd7 7. Be2 dxc4 8.
O-O a6 9. a4 c5 10. d5 exd5 11. Nxd5 Nxd5 12. Qxd5 Nf6 13. Qxd8 Rxd8 14. Bc7
Re8 15. Bxc4 Bg4 16. h3 Rac8 17. Bf4 Be6 18. Bxe6 fxe6 19. a5 Nd5 20. Be5 Red8
21. Rfc1 Nb4 22. Kf1 Nd3 23. Rc2 c4 24. Ke2 Nb4 25. Rd2 Rd5 26. Bc3 Nd3 27. b3
Bb4 28. Bxb4 Nxb4 29. bxc4 Rxc4 30. Ra4 Rdc5 31. Rd8+ Kf7 32. Nd2 Nc6 33. Rxc4
Rxc4 34. Rd7+ Ke8 35. Rxb7 Ra4 36. Rxg7 h5 37. Rg5 Rxa5 38. Rxa5 Nxa5 39. Ne4
Nb7 40. Nf6+ Ke7 41. Nxh5 a5 42. Nf4 a4 43. Kd2 a3 44. Kc2 Nc5 45. f3 Kf7 46.
Kb1 e5 47. Ne2 Nd3 48. g3 Nb4 49. Nc3 Kg6 50. h4 Kh5 51. e4 Nc6 52. Nd5 Nd4 53.
f4 exf4 54. Nxf4+ Kg4 55. h5 Kg5 56. e5 Nf5 57. e6 Ng7 58. Ka2 Nf5 59. Kxa3 Kf6
60. g4 Ne3 61. h6 Nxg4 62. e7 1-0

[Event "2nd GP Series ((tie-break)) 2019"]
[Site "Riga LAT"]
[Date "2019.07.17"]
[Round "2"]
[White "Yu, Yangyi"]
[Black "Grischuk, Alexander"]
[Result "1/2-1/2"]
[WhiteElo "2736"]
[BlackElo "2766"]
[PlyCount "113"]
[EventDate "2019.07.12"]

1. d4 Nf6 2. c4 e6 3. Nc3 Bb4 4. e3 O-O 5. Nge2 d5 6. a3 Bd6 7. c5 Be7 8. Ng3
c6 9. Bd2 b6 10. b4 Nbd7 11. Be2 a5 12. O-O Ba6 13. Qc2 Qc7 14. h3 Ra7 15. Rab1
axb4 16. axb4 Rfa8 17. Rfc1 Bxe2 18. Ngxe2 Qb7 19. f3 Ra3 20. Be1 h6 21. Bf2 e5
22. Re1 bxc5 23. bxc5 Qa6 24. Rb4 Bd8 25. Reb1 Ba5 26. Ra4 Rxa4 27. Qxa4 Qc8
28. Ra1 Ra7 29. Ra2 Qa8 30. Bg3 Bb6 31. Qb3 Bc7 32. Be1 Nf8 33. Bg3 N6d7 34.
Kh2 Ne6 35. Rxa7 Qxa7 36. Qa4 Qxa4 37. Nxa4 f5 38. dxe5 Bxe5 39. Bxe5 Nxe5 40.
Nd4 Nxd4 41. exd4 Nd3 42. Nc3 Nf4 43. Kg1 Ne6 44. Ne2 f4 45. Kf2 g5 46. Ke1 Ng7
47. Kd2 Kf7 48. Nc1 Nf5 49. Kc3 Ke7 50. Nd3 Kd7 51. Ne5+ Kc7 52. Kd3 Nh4 53.
Nf7 Nf5 54. Kc3 Kd7 55. Kd3 Kc7 56. Ne5 Nh4 57. Nf7 1/2-1/2

[Event "Riga FIDE Grand Prix 2019"]
[Site "Riga LAT"]
[Date "2019.07.18"]
[Round "5"]
[White "Vachier-Lagrave, Maxime"]
[Black "Grischuk, Alexander"]
[Result "1/2-1/2"]
[WhiteElo "2775"]
[BlackElo "2766"]
[PlyCount "65"]
[EventDate "2019.07.12"]

1. e4 e5 2. Nf3 Nc6 3. Bb5 Nf6 4. O-O Nxe4 5. d4 Nd6 6. Bxc6 dxc6 7. dxe5 Nf5
8. Qxd8+ Kxd8 9. h3 Be7 10. Nc3 Nh4 11. Nxh4 Bxh4 12. Re1 a5 13. Ne2 Bd7 14.
Bd2 Kc8 15. Bc3 Re8 16. Rad1 g6 17. Nf4 Bg5 18. e6 Bxe6 19. Nxe6 Rxe6 20. Rxe6
fxe6 21. Rd3 b5 22. Rf3 b4 23. Be5 a4 24. Rf8+ Bd8 25. Bf6 Kd7 26. Rh8 b3 27.
cxb3 axb3 28. a4 c5 29. a5 c4 30. a6 c3 31. Rxh7+ Kd6 32. Bxc3 Rxa6 33. Kf1
1/2-1/2

[Event "Riga FIDE Grand Prix 2019"]
[Site "Riga LAT"]
[Date "2019.07.19"]
[Round "6"]
[White "So, Wesley"]
[Black "Mamedyarov, Shakhriyar"]
[Result "1/2-1/2"]
[WhiteElo "2763"]
[BlackElo "2765"]
[PlyCount "76"]
[EventDate "2019.07.12"]

1. Nf3 d5 2. d4 Nf6 3. c4 dxc4 4. e3 e6 5. Bxc4 c5 6. O-O a6 7. b3 cxd4 8. Nxd4
Be7 9. Bb2 O-O 10. Nd2 b5 11. Be2 Bb7 12. a4 Nc6 13. Bf3 Nd5 14. axb5 Nxd4 15.
Bxd4 axb5 16. Ne4 b4 17. Qd2 Qb8 18. Bc5 Rxa1 19. Rxa1 Qc7 20. Bxe7 Qxe7 21.
Ra7 Rc8 22. Rxb7 Qxb7 23. Nd6 Qc7 24. Nxc8 Qxc8 25. Bxd5 exd5 26. h4 Qc5 27. h5
Kf8 28. g3 Ke7 29. Qd1 f5 30. Qd3 Kf6 31. Kg2 Kg5 32. f4+ Kf6 33. g4 fxg4 34.
Qxh7 Qc3 35. Qg6+ Ke7 36. Qxg4 Kd6 37. Kf3 Qxb3 38. Qxg7 Qd1+ 1/2-1/2

[Event "Riga FIDE Grand Prix 2019"]
[Site "Riga LAT"]
[Date "2019.07.19"]
[Round "6"]
[White "Grischuk, Alexander"]
[Black "Vachier-Lagrave, Maxime"]
[Result "0-1"]
[WhiteElo "2766"]
[BlackElo "2775"]
[PlyCount "94"]
[EventDate "2019.07.12"]

1. d4 Nf6 2. c4 g6 3. h4 c5 4. d5 b5 5. cxb5 a6 6. e3 Bg7 7. Nc3 O-O 8. Nf3 d6
9. a4 Bg4 10. Ra3 axb5 11. Bxb5 Na6 12. e4 Nb4 13. Be2 Nd7 14. O-O Qb6 15. Re1
Qb7 16. Bg5 Bxf3 17. gxf3 Ne5 18. Rf1 c4 19. b3 Rfc8 20. Bd2 Nbd3 21. f4 Qb4
22. Nb1 c3 23. fxe5 Nb2 24. Qc2 cxd2 25. Qxb2 Qxe4 26. Qxd2 Rc2 27. Qd3 Rxe2
28. Qxe4 Rxe4 29. exd6 exd6 30. Nd2 Rg4+ 31. Kh1 Rxh4+ 32. Kg2 Rd4 33. Nf3 Rg4+
34. Kh3 Rb4 35. Rb1 Rc8 36. Kg2 Rc3 37. Ng1 Rc2 38. Nf3 Rg4+ 39. Kf1 Rf4 40.
Kg2 Rg4+ 41. Kf1 Rf4 42. Kg2 g5 43. Rf1 Rg4+ 44. Kh1 Rc3 45. Rg1 Rf4 46. Nh2
Rxf2 47. Rxg5 Rcc2 0-1

[Event "Dortmund Sparkassen 2019"]
[Site "Dortmund GER"]
[Date "2019.07.19"]
[Round "5"]
[White "Wojtaszek, Radoslaw"]
[Black "Nisipeanu, Liviu-Dieter"]
[Result "1/2-1/2"]
[WhiteElo "2737"]
[BlackElo "2672"]
[PlyCount "148"]
[EventDate "2019.07.13"]

1. c4 e6 2. Nc3 d5 3. d4 c5 4. cxd5 exd5 5. Nf3 Nc6 6. dxc5 d4 7. Na4 Bxc5 8.
Nxc5 Qa5+ 9. Bd2 Qxc5 10. Rc1 Qb6 11. e3 Nf6 12. Bc4 dxe3 13. Bxe3 Qb4+ 14. Bd2
Qe7+ 15. Be2 O-O 16. O-O Be6 17. Re1 Rfe8 18. Qa4 Bd5 19. a3 Qd7 20. Bg5 Re4
21. Qb5 Rg4 22. h3 a6 23. Qc5 Re4 24. Bxf6 gxf6 25. Red1 Rxe2 26. Rxd5 Qe7 27.
Qc4 Re4 28. Qd3 Re8 29. Rd7 Ne5 30. Nxe5 Qxe5 31. Rxb7 Qf4 32. Rf1 Re1 33. Rb4
Qc1 34. Rxe1 Qxe1+ 35. Qf1 a5 36. Rf4 Qd2 37. Qc4 Qe1+ 38. Kh2 Qe5 39. b4 axb4
40. axb4 Rd8 41. g3 h5 42. Qc2 Kg7 43. Rf5 Qe1 44. Qc6 Qe7 45. h4 Rd1 46. b5
Qe6 47. Qf3 Qe1 48. Rxh5 Qg1+ 49. Kh3 Qf1+ 50. Kh2 Qg1+ 51. Kh3 Qf1+ 52. Qg2
Qd3 53. b6 Qb1 54. Kh2 Qxb6 55. Qf3 Qd4 56. Qf5 Rd2 57. Kg2 Re2 58. Rh7+ Kg8
59. Rh6 Re6 60. Qh5 Qe4+ 61. Kh2 Kg7 62. Rh8 Qg6 63. Qxg6+ fxg6 64. Rc8 f5 65.
Kg2 Kf6 66. Kf3 Re4 67. Rc6+ Kf7 68. h5 gxh5 69. Rh6 Ra4 70. Rxh5 Kg6 71. Rh4
Ra3+ 72. Kf4 Ra4+ 73. Kf3 Ra3+ 74. Kf4 Ra4+ 1/2-1/2

[Event "Dortmund Sparkassen 2019"]
[Site "Dortmund GER"]
[Date "2019.07.19"]
[Round "5"]
[White "Kulaots, Kaido"]
[Black "Rapport, Richard"]
[Result "1/2-1/2"]
[WhiteElo "2560"]
[BlackElo "2735"]
[PlyCount "182"]
[EventDate "2019.07.13"]

1. e4 e5 2. Nf3 Nc6 3. Bb5 Nf6 4. O-O Nxe4 5. d4 Nd6 6. Bxc6 dxc6 7. dxe5 Nf5
8. Qxd8+ Kxd8 9. h3 h6 10. Nc3 Bd7 11. b3 Be7 12. Bb2 h5 13. Rad1 Ke8 14. Ne4
Rd8 15. Rfe1 Bc8 16. Rxd8+ Bxd8 17. Bc1 b6 18. c4 c5 19. Nc3 Bb7 20. Nd5 Nd4
21. Ng5 Bc8 22. h4 Bf5 23. Bf4 Bxg5 24. Bxg5 Kd7 25. f3 a5 26. Nc3 Kc6 27. Kf2
Re8 28. Bf4 Bc2 29. g4 Ne6 30. Bc1 Bg6 31. Rd1 Bc2 32. Re1 hxg4 33. fxg4 Rd8
34. h5 Rd4 35. Kg3 a4 36. Nxa4 Bd1 37. h6 gxh6 38. Bxh6 Rxg4+ 39. Kf2 Bc2 40.
Nc3 Rh4 41. Bc1 Nd4 42. Rg1 Kd7 43. Bg5 Rh2+ 44. Rg2 Rh1 45. Bf4 Bg6 46. Rh2
Ra1 47. Rg2 Bb1 48. Rg1 Rxa2+ 49. Nxa2 Bxa2 50. Ke3 Bxb3 51. Kd3 Bc2+ 52. Ke3
Kc6 53. Rg8 Bf5 54. Rf8 Be6 55. Kd3 Nb3 56. Ra8 Kb7 57. Ra3 Nd4 58. Rc3 Nc6 59.
Rc1 Kc8 60. Kc3 Na5 61. Kd3 Bf5+ 62. Kc3 Be6 63. Kd3 Nb3 64. Rc3 Bf5+ 65. Ke3
Na5 66. Bg5 Kd7 67. Bh4 Nc6 68. Bf6 Ke6 69. Kf4 Bb1 70. Rc1 Bd3 71. Ke3 Bg6 72.
Rd1 Bc2 73. Rc1 Bf5 74. Kf4 Nb4 75. Kg5 Nd3 76. Ra1 Be4 77. Ra7 Nxe5 78. Rxc7
Nxc4 79. Re7+ Kd5 80. Rd7+ Kc6 81. Rxf7 b5 82. Kf4 b4 83. Rf8 Bc2 84. Rc8+ Kd6
85. Bg7 b3 86. Bf8+ Ke6 87. Bxc5 b2 88. Rb8 Be4 89. Kxe4 b1=Q+ 90. Rxb1 Nd2+
91. Kd4 Nxb1 1/2-1/2

[Event "Dortmund Sparkassen 2019"]
[Site "Dortmund GER"]
[Date "2019.07.19"]
[Round "5"]
[White "Radjabov, Teimour"]
[Black "Nepomniachtchi, Ian"]
[Result "1/2-1/2"]
[WhiteElo "2759"]
[BlackElo "2775"]
[PlyCount "65"]
[EventDate "2019.07.13"]

1. e4 c5 2. Nf3 d6 3. d4 cxd4 4. Nxd4 Nf6 5. Nc3 a6 6. Bg5 e6 7. f4 Qb6 8. Qd2
Qxb2 9. Rb1 Qa3 10. f5 Be7 11. fxe6 Bxe6 12. Nxe6 fxe6 13. Bc4 Nbd7 14. Bxe6
Nc5 15. Bc4 b5 16. O-O bxc4 17. Bxf6 Bxf6 18. Qxd6 Qxc3 19. e5 Qe3+ 20. Kh1 Ne4
21. Qc6+ Kf7 22. exf6 gxf6 23. Qd7+ Kf8 24. g3 Nf2+ 25. Kg2 Ne4 26. Rb7 Qd2+
27. Qxd2 Nxd2 28. Rxf6+ Kg8 29. Rff7 h5 30. Rg7+ Kf8 31. Rgf7+ Kg8 32. Rg7+ Kf8
33. Rgf7+ 1/2-1/2

[Event "Dortmund Sparkassen 2019"]
[Site "Dortmund GER"]
[Date "2019.07.19"]
[Round "5"]
[White "Fridman, Daniel"]
[Black "Dominguez Perez, Leinier"]
[Result "1/2-1/2"]
[WhiteElo "2638"]
[BlackElo "2760"]
[PlyCount "137"]
[EventDate "2019.07.13"]

1. d4 Nf6 2. c4 e6 3. Nf3 d5 4. g3 Be7 5. Bg2 O-O 6. Nc3 dxc4 7. Ne5 c5 8. dxc5
Qxd1+ 9. Nxd1 Bxc5 10. Nxc4 Nc6 11. O-O Nd5 12. Be3 Be7 13. Nc3 Nxe3 14. Nxe3
Bd7 15. Rfd1 Rfd8 16. Nc4 Rab8 17. Nd6 Kf8 18. Rd2 Bxd6 19. Rxd6 Ke7 20. Rad1
Ne5 21. R6d4 b5 22. Ne4 Bc6 23. Nd6 g5 24. Ne4 Rxd4 25. Rxd4 h6 26. Nc3 b4 27.
Nd1 b3 28. axb3 Rxb3 29. Bxc6 Nxc6 30. Ra4 Kd6 31. Kf1 Kc5 32. Ke1 Rb4 33. Ra3
Rd4 34. Ne3 Rb4 35. Rc3+ Kd6 36. Nc4+ Ke7 37. f3 Nd4 38. Kd2 Nb5 39. Rc2 Nd4
40. Rc3 Nb5 41. Rc2 Nd4 42. Rc3 f5 43. Kd3 Nb5 44. Rc1 Rb3+ 45. Kd2 Nd6 46.
Nxd6 Kxd6 47. Kc2 Re3 48. Kd2 Rb3 49. Kc2 Rb5 50. Ra1 a5 51. Ra4 Kc6 52. h4
Rc5+ 53. Kd2 Kb5 54. b3 Rd5+ 55. Kc2 Re5 56. Kd2 Rc5 57. hxg5 hxg5 58. e4 f4
59. gxf4 gxf4 60. e5 Rd5+ 61. Kc2 Rxe5 62. Rxf4 Re3 63. Kb2 Kc5 64. Ra4 Rxf3
65. Rxa5+ Kd4 66. b4 e5 67. b5 Kc5 68. b6+ Kxb6 69. Rxe5 1/2-1/2

[Event "Dortmund Sparkassen 2019"]
[Site "Dortmund GER"]
[Date "2019.07.20"]
[Round "6"]
[White "Radjabov, Teimour"]
[Black "Fridman, Daniel"]
[Result "1/2-1/2"]
[WhiteElo "2759"]
[BlackElo "2638"]
[PlyCount "54"]
[EventDate "2019.07.13"]

1. d4 d5 2. c4 e6 3. Nf3 Nf6 4. Nc3 c6 5. Bg5 dxc4 6. e4 b5 7. e5 h6 8. Bh4 g5
9. Nxg5 hxg5 10. Bxg5 Be7 11. exf6 Bxf6 12. Bxf6 Qxf6 13. g3 Na6 14. Bg2 Bb7
15. Ne4 Qe7 16. O-O f5 17. Nc5 Nxc5 18. dxc5 Qxc5 19. Re1 Kf7 20. a4 a6 21.
axb5 axb5 22. Rxa8 Bxa8 23. Qe2 Qe7 24. Qe5 Qf6 25. Qc7+ Qe7 26. Qe5 Qf6 27.
Qc7+ Qe7 1/2-1/2

[Event "Dortmund Sparkassen 2019"]
[Site "Dortmund GER"]
[Date "2019.07.20"]
[Round "6"]
[White "Nepomniachtchi, Ian"]
[Black "Nisipeanu, Liviu-Dieter"]
[Result "1-0"]
[WhiteElo "2775"]
[BlackElo "2672"]
[PlyCount "37"]
[EventDate "2019.07.13"]

1. e4 e5 2. Nf3 Nf6 3. Nxe5 d6 4. Nf3 Nxe4 5. Nc3 Nxc3 6. dxc3 Be7 7. Be3 O-O
8. Qd2 Qe8 9. h4 Qa4 10. h5 h6 11. Bd3 Re8 12. Kf1 Bf8 13. Nd4 Qd7 14. Rh3 Nc6
15. Rg3 Kh8 16. Nxc6 bxc6 17. Bd4 Re6 18. Qf4 Qe8 19. Re3 1-0

[Event "Dortmund Sparkassen 2019"]
[Site "Dortmund GER"]
[Date "2019.07.20"]
[Round "6"]
[White "Dominguez Perez, Leinier"]
[Black "Kulaots, Kaido"]
[Result "1/2-1/2"]
[WhiteElo "2760"]
[BlackElo "2560"]
[PlyCount "88"]
[EventDate "2019.07.13"]

1. e4 c5 2. Nf3 d6 3. d4 cxd4 4. Nxd4 Nf6 5. Nc3 a6 6. f3 e6 7. Be3 b5 8. Qd2
Nbd7 9. g4 h6 10. a3 Bb7 11. O-O-O Rc8 12. Kb1 d5 13. exd5 Nxd5 14. Nxd5 Bxd5
15. a4 Bc5 16. axb5 O-O 17. Be2 axb5 18. Nxb5 Qb6 19. Bxc5 Rxc5 20. c4 Bxc4 21.
Bxc4 Rxc4 22. Qxd7 Rb4 23. Rd6 Qxb5 24. Qxb5 Rxb5 25. Rhd1 g5 26. Rd8 Rb3 27.
Kc2 Rxf3 28. b4 Ra3 29. b5 Ra5 30. Rxf8+ Kxf8 31. Rb1 Ke7 32. b6 Ra8 33. Kd3
Kd6 34. Ke4 Rb8 35. b7 Kc6 36. Rc1+ Kxb7 37. Rf1 Kc6 38. Rxf7 Kd6 39. Rf6 Rb4+
40. Kf3 Rb3+ 41. Kg2 Rb2+ 42. Kg3 Rb3+ 43. Kg2 Rb2+ 44. Kg3 Rb3+ 1/2-1/2

[Event "Dortmund Sparkassen 2019"]
[Site "Dortmund GER"]
[Date "2019.07.20"]
[Round "6"]
[White "Rapport, Richard"]
[Black "Wojtaszek, Radoslaw"]
[Result "1/2-1/2"]
[WhiteElo "2735"]
[BlackElo "2737"]
[PlyCount "47"]
[EventDate "2019.07.13"]

1. c4 e5 2. g3 Nf6 3. Bg2 Bc5 4. Nc3 c6 5. e3 O-O 6. Nge2 d5 7. cxd5 Nxd5 8. d4
exd4 9. Nxd5 cxd5 10. Nxd4 Nc6 11. Nxc6 bxc6 12. Qc2 Qb6 13. O-O Be6 14. Bd2 d4
15. exd4 Bxd4 16. Bc3 Rad8 17. Bxd4 Rxd4 18. Qxc6 Qxb2 19. a4 Bd7 20. Qa6 Qb6
21. Qxb6 axb6 22. Rfb1 Rxa4 23. Rxa4 Bxa4 24. Rxb6 1/2-1/2

[Event "Dortmund Sparkassen 2019"]
[Site "Dortmund GER"]
[Date "2019.07.21"]
[Round "7"]
[White "Nisipeanu, Liviu-Dieter"]
[Black "Rapport, Richard"]
[Result "1/2-1/2"]
[WhiteElo "2672"]
[BlackElo "2735"]
[PlyCount "76"]
[EventDate "2019.07.13"]

1. e4 e5 2. Nf3 Nc6 3. Bb5 a6 4. Ba4 Be7 5. O-O Nf6 6. d3 b5 7. Bb3 d6 8. a3 a5
9. Nc3 Rb8 10. a4 b4 11. Nd5 Nxd5 12. Bxd5 Bd7 13. Ng5 Bxg5 14. Qh5 Qf6 15.
Bxg5 Qg6 16. Qxg6 hxg6 17. c3 Ne7 18. Bc4 f6 19. Be3 g5 20. d4 Ng6 21. d5 bxc3
22. b3 c5 23. dxc6 Bxc6 24. f3 Nf4 25. Rfd1 Ke7 26. Rac1 Rhc8 27. Rxc3 d5 28.
exd5 Bxd5 29. Bxf4 Bxc4 30. Bxe5 Rxb3 31. Bd4 Rb4 32. Rdc1 Ke6 33. Bf2 Rxa4 34.
Bb6 Rb8 35. Bc7 Rbb4 36. Bxa5 Rxa5 37. Rxc4 Rxc4 38. Rxc4 Ke5 1/2-1/2

[Event "Dortmund Sparkassen 2019"]
[Site "Dortmund GER"]
[Date "2019.07.21"]
[Round "7"]
[White "Kulaots, Kaido"]
[Black "Radjabov, Teimour"]
[Result "1/2-1/2"]
[WhiteElo "2560"]
[BlackElo "2759"]
[PlyCount "80"]
[EventDate "2019.07.13"]

1. e4 e6 2. d4 d5 3. Nc3 Bb4 4. e5 c5 5. a3 Bxc3+ 6. bxc3 Ne7 7. Qg4 Qc7 8.
Qxg7 Rg8 9. Qxh7 cxd4 10. Ne2 Nbc6 11. h4 Bd7 12. f4 dxc3 13. h5 O-O-O 14. Qd3
d4 15. h6 Rg6 16. h7 Rh8 17. Nxd4 Nxd4 18. Qxd4 Bc6 19. Bd3 Rxg2 20. Be3 Rg7
21. Rh3 Nf5 22. Bxf5 exf5 23. Qxa7 Rgxh7 24. Rxh7 Rxh7 25. O-O-O b6 26. Qa6+
Bb7 27. Qb5 Bc6 28. Qb3 Kb7 29. Qxc3 Rh1 30. Rxh1 Bxh1 31. Qb3 Be4 32. a4 Ka6
33. Qb5+ Kb7 34. c4 Qc6 35. Kb2 Qxb5+ 36. axb5 Bd3 37. Kc3 Be2 38. Kb4 Bf1 39.
c5 bxc5+ 40. Kxc5 Be2 1/2-1/2

[Event "Dortmund Sparkassen 2019"]
[Site "Dortmund GER"]
[Date "2019.07.21"]
[Round "7"]
[White "Fridman, Daniel"]
[Black "Nepomniachtchi, Ian"]
[Result "0-1"]
[WhiteElo "2638"]
[BlackElo "2775"]
[PlyCount "118"]
[EventDate "2019.07.13"]

1. d4 Nf6 2. c4 g6 3. Nc3 d5 4. Bf4 Bg7 5. e3 c5 6. dxc5 Qa5 7. Rc1 Ne4 8. cxd5
Nxc3 9. Qd2 Qxa2 10. bxc3 Qa5 11. Nf3 Nd7 12. Bc4 Nxc5 13. O-O O-O 14. Be5 Bxe5
15. Nxe5 f6 16. Ra1 Qb6 17. Nf3 Kh8 18. Qd4 Qc7 19. e4 b5 20. d6 Qxd6 21. Bxb5
Bb7 22. Qxd6 exd6 23. Nd2 Nxe4 24. Nxe4 Bxe4 25. Rfe1 Bf5 26. Ra6 Rfd8 27. Re7
Rdb8 28. c4 Rb6 29. Rxb6 axb6 30. h3 Ra1+ 31. Kh2 Ra2 32. Kg1 Rb2 33. Re8+ Kg7
34. Rd8 Rd2 35. Rb8 h5 36. Rxb6 h4 37. Rb7+ Kh6 38. Re7 Rd1+ 39. Kh2 Rd4 40.
Re1 Kg5 41. Rc1 Rd2 42. Bc6 Bc2 43. f3 f5 44. Be8 Kf6 45. Bc6 Ke5 46. Be8 g5
47. Re1+ Kf4 48. Bf7 Bd3 49. Bd5 Rc2 50. Ra1 Ke3 51. Ra6 Bf1 52. f4 g4 53. hxg4
fxg4 54. Kg1 g3 55. Ra1 Bd3 56. Rd1 Kxf4 57. Re1 Re2 58. Rc1 Ke3 59. Bf3 Rb2
0-1

[Event "Dortmund Sparkassen 2019"]
[Site "Dortmund GER"]
[Date "2019.07.21"]
[Round "7"]
[White "Wojtaszek, Radoslaw"]
[Black "Dominguez Perez, Leinier"]
[Result "1/2-1/2"]
[WhiteElo "2737"]
[BlackElo "2760"]
[PlyCount "79"]
[EventDate "2019.07.13"]

1. d4 Nf6 2. c4 e6 3. Nc3 d5 4. cxd5 Nxd5 5. e4 Nxc3 6. bxc3 c5 7. Rb1 Be7 8.
Nf3 O-O 9. Bc4 Qc7 10. Qe2 a6 11. Bd3 b5 12. O-O Nd7 13. a4 bxa4 14. d5 exd5
15. exd5 Nf6 16. c4 Bg4 17. h3 Bh5 18. g4 Bg6 19. Bxg6 hxg6 20. Re1 Bd6 21. Qc2
Qd7 22. Ne5 Bxe5 23. Rxe5 Rab8 24. Rxb8 Rxb8 25. Re3 Qb7 26. Ba3 Qb1+ 27. Qxb1
Rxb1+ 28. Kg2 Nd7 29. Re7 Rb3 30. Rxd7 Rxa3 31. Rc7 Rc3 32. Rc8+ Kh7 33. Rxc5
a3 34. Ra5 Rxc4 35. Kf3 Rd4 36. Ke3 Rd1 37. Ke2 Rd4 38. Ke3 Rd1 39. Rxa3 Rxd5
40. Rxa6 1/2-1/2